Dādānī deṇa. (Record no. 87823)

MARC details
000 -LEADER
fixed length control field 00571cam a22002291 4500
001 - CONTROL NUMBER
control field sa 68017608
003 - CONTROL NUMBER IDENTIFIER
control field DLC
005 - DATE AND TIME OF LATEST TRANSACTION
control field 20260227112704.0
008 - FIXED-LENGTH DATA ELEMENTS--GENERAL INFORMATION
fixed length control field 900125s1968 ii 000 0 gujo
010 ## - LIBRARY OF CONGRESS CONTROL NUMBER
LC control number sa 68017608
035 ## - SYSTEM CONTROL NUMBER
System control number (OCoLC)20957751
040 ## - CATALOGING SOURCE
Original cataloging agency DLC
Transcribing agency WaU
Modifying agency DLC
050 00 - LIBRARY OF CONGRESS CALL NUMBER
Classification number BL27
Item number .V88
100 1# - MAIN ENTRY--PERSONAL NAME
Personal name Vyāsa, Raviśaṅkara Śivaśaṅkara,
Dates associated with a name 1884-
245 10 - TITLE STATEMENT
Title Dādānī deṇa.
260 ## - PUBLICATION, DISTRIBUTION, ETC.
Date of publication, distribution, etc. [1968]
300 ## - PHYSICAL DESCRIPTION
Extent 8, 195 p.
Dimensions 19 cm.
500 ## - GENERAL NOTE
General note In Gujarati.
650 #0 - SUBJECT ADDED ENTRY--TOPICAL TERM
Topical term or geographic name entry element Religion.
650 #0 - SUBJECT ADDED ENTRY--TOPICAL TERM
Topical term or geographic name entry element Hindu sociology.
650 #0 - SUBJECT ADDED ENTRY--TOPICAL TERM
Topical term or geographic name entry element Conduct of life.

No items available.

Powered by Koha